| 000 | 00536 a2200169 4500 | ||
|---|---|---|---|
| 001 | 39336 | ||
| 082 | _a620.112 HIG | ||
| 090 |
_c24660 _d24660 |
||
| 100 | _aHigdon, Archie ; Edward H. Ohlson ; William B. Stiles | ||
| 245 |
_aMechanics of Material, 4th Ed _cArchie Higdon ; Edward H. Ohlson ; William B. Stiles |
||
| 250 | _a4 | ||
| 260 |
_aNew Y _bJohn Wiley _c1985 |
||
| 300 |
_axv, 775 p. _borigional books |
||
| 500 | _aBE textbook Aerospace | ||
| 600 | _aEdward H. Ohlson ; William B. Stiles | ||
| 650 | _aWilliam B. Stiles | ||
| 942 |
_aNUST-CAE _k620.112 HIG |
||
| 999 |
_c274409 _d274409 |
||